Statistics for Countries Closest to China A-Z

Click here to take the quiz!

General Stats

  • This quiz has been taken 135 times
    (121 since last reset)
  • The average score is 21 of 24

Answer Stats

LetterCountry% Correct
NNorth Korea, Nepal
97%
IIndia
96%
RRussia
96%
BBhutan
95%
JJapan
95%
LLaos
95%
MMyanmar, Mongolia
95%
OOman
95%
QQatar
95%
VVietnam
94%
YYemen
93%
ZZambia
92%
SSouth Korea
91%
AAfghanistan
89%
PPakistan
89%
UUzbekistan
87%
TTajikistan
86%
KKyrgyzstan, Kazakhstan
85%
CCambodia
82%
GGeorgia
76%
HHungary
74%
DDjibouti
69%
FFinland
69%
EEast Timor
65%

Score Distribution

Percentile by Number Answered

Percent of People with Each Score

Your Score History

You have not taken this quiz since the last reset